Color atlas of pediatric pathology (Record no. 118773)
[ view plain ]
| 000 -LEADER | |
|---|---|
| fixed length control field | 02092nam a2200313 a 4500 |
| 245 00 - TITLE STATEMENT | |
| Title | Color atlas of pediatric pathology |
| 260 ## - PUBLICATION, DISTRIBUTION, ETC. (IMPRINT) | |
| Place of publication | New York : |
| Name of publisher | Demos Medical, |
| Year of publication | c2011. |
| 300 ## - PHYSICAL DESCRIPTION | |
| Number of Pages | xii, 435 p. : |
| Other physical details | ill. (chiefly col.). |
| 505 0# - FORMATTED CONTENTS NOTE | |
| Formatted contents note | Placenta / Raymond W. Redline -- Congenital malformation syndromes / Nicole A. Cipriani and Aliya N. Husain -- Infections / David M. Parham -- The skin / Vijaya B. Reddy -- Soft tissue lesions / Zhongxin Yu and David M. Parham -- Bone and joints / Karen S. Thompson -- The heart / Bahig M. Shehata and Charlotte K. Steelman -- The lung and mediastinum / J. Thomas Stocker and Aliya N. Husain -- The kidney / Anthony Chang, Neeraja Kambham, and Elizabeth J. Perlman -- Female and male reproductive systems / Michael K. Fritsch and Elizabeth J. Perlman -- Gastrointestinal tract / J. Thomas Stocker, Haresh Mani, and John Hart -- Liver, biliary tract, and pancreas / Haresh Mani and J. Thomas Stocker -- Thyroid, parathyroid, and adrenal glands / John Hicks -- Bone marrow, lymph nodes, spleen, and thymus / Andrea M. Sheehan -- Central nervous system and neuromuscular disease / Peter Pytel. |
| 650 #0 - SUBJECT ADDED ENTRY--TOPICAL TERM | |
| Topical Term | Pediatric pathology |
| 700 1# - ADDED ENTRY--PERSONAL NAME | |
| Personal name | Husain, Aliya N. |
| Personal name | Stocker, J. Thomas. |
| 856 40 - ELECTRONIC LOCATION AND ACCESS | |
| Uniform Resource Identifier | http://site.ebrary.com/lib/rucke/Doc?id=10481063 |
No items available.
